¿Quién se ha llevado mi queso?. (Record no. 212626)
[ view plain ]
| 000 -CABECERA | |
|---|---|
| campo de control de longitud fija | 00699nam a22002177a 4500 |
| 005 - FECHA Y HORA DE LA ÚLTIMA TRANSACCIÓN | |
| campo de control | 20251028063947.0 |
| 008 - DATOS DE LONGITUD FIJA--INFORMACIÓN GENERAL | |
| campo de control de longitud fija | 250220s2000 sp|a|||g |||| 00| f spa d |
| 020 ## - NÚMERO INTERNACIONAL NORMALIZADO PARA LIBROS | |
| Número Internacional Normalizado del libro | 8495787091 |
| 040 ## - FUENTE DE CATALOGACIÓN | |
| Agencia de catalogación original | MX-MxUPN |
| Agencia que realiza la transcripción | |
| 050 ## - | |
| -- | BF637 C4 J6.6 |
| -- | 2000 |
| 100 ## - | |
| -- | Johnson, Spencer |
| -- | 55880 |
| 245 ## - MENCIÓN DE TÍTULO | |
| Título | ¿Quién se ha llevado mi queso?. |
| Parte restante del título | Una manera sorprendente de afrontar el cambio en el trabajo y en la vida privada |
| 250 ## - MENCIÓN DE EDICIÓN | |
| Mención de edición | 31a edición, |
| 260 ## - PUBLICACION, DISTRIBUCION, ETC. (PIE DE IMPRENTA) | |
| Lugar de publicación, distribución, etc. | Barcelona : |
| Nombre del editor, distribuidor, etc. | Urano, |
| Fecha de publicación, distribución, etc. | 2000 |
| 300 ## - DESCRIPCIÓN FÍSICA | |
| Extensión | 106 pág. |
| 490 ## - | |
| -- | Empresa Activa |
| 500 ## - NOTA GENERAL | |
| Nota general | Donación |
| 650 #4 - | |
| -- | Superación personal |
| -- | 21547 |
| 902 ## - ELEMENTOS DE DATOS B LOCAL, LDB (RLIN) | |
| Creó | MarisolLicea/20022025 |
| Modificó | Maiella Martínez / 11032025 |
| 942 ## - ELEMENTOS DE PUNTO DE ACCESO ADICIONAL (KOHA) | |
| Fuente del sistema de clasificación o colocación | Library of Congress Classification |
| Tipo de ítem Koha | Libro |
| Estado de retiro | Estado de pérdida | Fuente del sistema de clasificación o colocación | Estado dañado | No para préstamo | Código de colección | Localización permanente | Ubicación/localización actual | Fecha de adquisición | Número de inventario | Total de préstamos | Signatura topográfica completa | Fecha visto por última vez | Precio válido a partir de | Tipo de ítem Koha |
|---|---|---|---|---|---|---|---|---|---|---|---|---|---|---|
| Library of Congress Classification | Colección General | Bib. Gregorio Torres Quintero | Bib. Gregorio Torres Quintero | 11/03/2025 | 338443 | BF637 C4 J6.6 2000 | 11/03/2025 | 11/03/2025 | Libro |
